[Event "HUN-chT2 Erkel 1819"]
[Site "Hungary"]
[Date "2019.01.27"]
[Round "4.10"]
[White "Pilmayer, Katalin Viola B"]
[Black "Harmatosi, Jozsef"]
[Result "0-1"]
[WhiteElo "1557"]
[BlackElo "2106"]
[PlyCount "62"]
[EventDate "2018.10.28"]
[EventType "team-tourn"]
[EventRounds "9"]
[EventCountry "HUN"]
[SourceTitle "EXT 2021"]
[Source "ChessBase"]
[SourceDate "2020.10.23"]
[SourceVersion "1"]
[SourceVersionDate "2020.10.23"]
[SourceQuality "1"]
[WhiteTeam "Fot"]
[BlackTeam "Gyongyos Energia"]
[WhiteTeamCountry "HUN"]
[BlackTeamCountry "HUN"]

1. e4 Nc6 2. Nf3 g6 3. d4 Bg7 4. Nc3 d6 5. Bc4 Nf6 6. h3 Nxe4 7. Bxf7+ Kxf7 8. Nxe4 Rf8 9. c3 Kg8 10. Bg5 Qe8 11. Qd2 e5 12. d5 Ne7 13. Bh6 Bxh6 14. Qxh6 Nxd5 15. 0-0-0 Nf6 16. Neg5 Qe7 17. Qh4 Qg7 18. Qc4+ Kh8 19. Rhe1 h6 20. Qh4 Nh5 21. Ne4 Nf4 22. Qg3 Be6 23. b3 a5 24. Nfd2 a4 25. Qf3 axb3 26. axb3 Ra2 27. g3 Nd5 28. Qd3 Rfa8 29. Nb1 Nf6 30. Ned2 Bf5 31. Qb5 Rc2# 0-1

[Event "HUN-chT2 Erkel 1819"]
[Site "Hungary"]
[Date "2018.11.18"]
[Round "2.11"]
[White "Halasz, Jozsef"]
[Black "Pilmayer, Katalin Viola B"]
[Result "0-1"]
[WhiteElo "1737"]
[BlackElo "1557"]
[PlyCount "98"]
[EventDate "2018.10.28"]
[EventType "team-tourn"]
[EventRounds "9"]
[EventCountry "HUN"]
[SourceTitle "EXT 2021"]
[Source "ChessBase"]
[SourceDate "2020.10.23"]
[SourceVersion "1"]
[SourceVersionDate "2020.10.23"]
[SourceQuality "1"]
[WhiteTeam "Vac"]
[BlackTeam "Fot"]
[WhiteTeamCountry "HUN"]
[BlackTeamCountry "HUN"]

1. d4 Nf6 2. c4 e6 3. Nc3 Bb4 4. Bd2 0-0 5. e3 b6 6. Nf3 Bb7 7. Be2 d5 8. h3 dxc4 9. Bxc4 Bxc3 10. bxc3 Ne4 11. 0-0 c5 12. Qc2 Nd7 13. Bd3 Ndf6 14. Ne5 cxd4 15. exd4 Rc8 16. Rae1 Qd5 17. f3 Nxd2 18. Qxd2 Rfd8 19. g4 Qa5 20. Nc4 Qa4 21. Ne5 Qa5 22. Re3 Nd5 23. Nc4 Qa4 24. Re4 Nxc3 25. Qxc3 b5 26. Re5 bxc4 27. Bc2 Qd7 28. Rd1 Qd6 29. Qe1 Bxf3 30. Bxh7+ Kf8 31. Rd2 c3 32. Rd3 c2 33. Qc1 Rc3 34. Rd2 f6 35. Rh5 Qg3+ 36. Kf1 Rxd4 37. Bxc2 Qf4 38. Rh8+ Ke7 39. Re8+ Kxe8 40. Bg6+ Ke7 41. Qxc3 Rxd2 42. Qc5+ Qd6 43. Qxa7+ Qd7 44. Qc5+ Kd8 45. Qf8+ Kc7 46. Qc5+ Bc6 47. Qa5+ Kc8 48. Qa6+ Qb7 49. Qc4 Qb5 0-1

[Event "HUN-chT2 Charousek 1718"]
[Site "Hungary"]
[Date "2018.05.06"]
[Round "9.12"]
[White "Pilmayer, Katalin Viola B"]
[Black "Kiraly, Ferenc1111"]
[Result "1/2-1/2"]
[WhiteElo "1499"]
[BlackElo "1820"]
[PlyCount "110"]
[EventDate "2017.10.29"]
[EventType "team-tourn"]
[EventRounds "9"]
[EventCountry "HUN"]
[SourceTitle "EXT 2020"]
[Source "ChessBase"]
[SourceDate "2019.10.17"]
[SourceVersion "1"]
[SourceVersionDate "2019.10.17"]
[SourceQuality "1"]
[WhiteTeam "Penzugyor"]
[BlackTeam "Szentgotthard Alsoszolnok"]
[WhiteTeamCountry "HUN"]
[BlackTeamCountry "HUN"]

1. e4 e5 2. Nf3 Nc6 3. Bb5 a6 4. Ba4 Nf6 5. 0-0 b5 6. Bb3 Be7 7. Re1 d6 8. h3 Na5 9. d4 exd4 10. c3 dxc3 11. Nxc3 Nxb3 12. Qxb3 0-0 13. e5 Be6 14. Qc2 dxe5 15. Nxe5 Bd6 16. Bf4 Bxe5 17. Bxe5 Nd7 18. Rad1 Qg5 19. Bg3 Nf6 20. Kh2 Qc5 21. Re5 Qc6 22. b4 Nd7 23. Rh5 g6 24. Rh6 Nb6 25. Qd2 Rad8 26. Qb2 Rxd1 27. Nxd1 Nd5 28. Ne3 Qc3 29. Qe2 Nxe3 30. fxe3 c5 31. Bd6 Re8 32. Bxc5 Qe5+ 33. g3 Bd5 34. Rh4 Qa1 35. e4 f5 36. Qd2 Qxa2 37. Qxa2 Bxa2 38. exf5 gxf5 39. Rh6 Re6 40. Rh5 Bb1 41. Rh4 Re2+ 42. Kg1 Be4 43. Rh6 Rg2+ 44. Kf1 Rxg3 45. Rxa6 Rxh3 46. Rb6 Rb3 47. Kg1 Bd3 48. Kf2 Kf7 49. Kg3 Rb1 50. Kf4 Rf1+ 51. Kg5 Rh1 52. Rf6+ Kg7 53. Bf8+ Kg8 54. Bh6 Rg1+ 55. Kf4 Rg7 1/2-1/2

[Event "Budapest Spring op (Women)"]
[Site "Budapest"]
[Date "2015.04.14"]
[Round "8"]
[White "Palocz, Katalin"]
[Black "Pilmayer, Katalin Viola B"]
[Result "1-0"]
[WhiteElo "1366"]
[BlackElo "1509"]
[PlyCount "59"]
[EventDate "2015.04.07"]
[EventType "swiss"]
[EventRounds "9"]
[EventCountry "HUN"]
[SourceTitle "CBM 166 Extra"]
[Source "ChessBase"]
[SourceDate "2015.06.18"]
[SourceVersion "1"]
[SourceVersionDate "2015.06.18"]
[SourceQuality "1"]

1. e4 d6 2. d4 Nf6 3. Bd3 g6 4. Nf3 Bg7 5. c4 0-0 6. Nc3 c6 7. h3 Nbd7 8. 0-0 e5 9. d5 Re8 10. Be3 Qc7 11. Rc1 b6 12. dxc6 Qxc6 13. Nd5 h6 14. a4 Bb7 15. b4 Kh7 16. Qc2 Qc8 17. b5 Qd8 18. Nd2 Rc8 19. Qb1 Nh5 20. Be2 Nhf6 21. Bd3 Nc5 22. Bxc5 dxc5 23. f4 exf4 24. Rxf4 Nh5 25. Rxf7 Rb8 26. e5 Re6 27. Nf3 Kg8 28. Bxg6 Rxe5 29. Nxe5 Bxe5 30. Bxh5 1-0

[Event "Budapest Spring op (Women)"]
[Site "Budapest"]
[Date "2015.04.09"]
[Round "3"]
[White "Erdos, Boglarka"]
[Black "Pilmayer, Katalin Viola B"]
[Result "1-0"]
[WhiteElo "2181"]
[BlackElo "1509"]
[PlyCount "73"]
[EventDate "2015.04.07"]
[EventType "swiss"]
[EventRounds "9"]
[EventCountry "HUN"]
[SourceTitle "CBM 166 Extra"]
[Source "ChessBase"]
[SourceDate "2015.06.18"]
[SourceVersion "1"]
[SourceVersionDate "2015.06.18"]
[SourceQuality "1"]

1. Nf3 Nf6 2. g3 d5 3. Bg2 e6 4. 0-0 c6 5. c4 Be7 6. cxd5 cxd5 7. d3 0-0 8. Nc3 Nc6 9. Bf4 a6 10. Rc1 Bd7 11. e4 dxe4 12. dxe4 Be8 13. Qe2 Qa5 14. Rfd1 Rd8 15. Rxd8 Bxd8 16. Nd2 Nd4 17. Qd3 e5 18. Nc4 Bb5 19. Bxe5 Bxc4 20. Qxd4 Be6 21. Bd6 Bb6 22. Qb4 Qxb4 23. Bxb4 Rd8 24. h3 Rd2 25. Nd1 Re2 26. Bf3 Rxe4 27. Bxe4 Nxe4 28. Kg2 h6 29. f3 Ng5 30. h4 Nh7 31. Bc5 Bd8 32. Nc3 b6 33. Rd1 Bf6 34. Bxb6 Bxc3 35. bxc3 Bxa2 36. Rd8+ Nf8 37. Bc5 1-0

[Event "Budapest Spring op (Women)"]
[Site "Budapest"]
[Date "2015.04.08"]
[Round "2"]
[White "Pilmayer, Katalin Viola B"]
[Black "Jurak, Miklosne"]
[Result "1-0"]
[WhiteElo "1509"]
[BlackElo "1654"]
[PlyCount "111"]
[EventDate "2015.04.07"]
[EventType "swiss"]
[EventRounds "9"]
[EventCountry "HUN"]
[SourceTitle "CBM 166 Extra"]
[Source "ChessBase"]
[SourceDate "2015.06.18"]
[SourceVersion "1"]
[SourceVersionDate "2015.06.18"]
[SourceQuality "1"]

1. e4 c6 2. d4 d5 3. exd5 cxd5 4. Bd3 Nc6 5. c3 g6 6. Nf3 Bg7 7. Bf4 Bg4 8. h3 Bxf3 9. Qxf3 e5 10. dxe5 Nge7 11. 0-0 Nxe5 12. Bb5+ N5c6 13. Re1 0-0 14. Na3 a6 15. Ba4 Qa5 16. Bb3 Rad8 17. Rad1 d4 18. Nc4 Qc5 19. Bc7 Rd7 20. Bb6 Qg5 21. Qe4 Nf5 22. Ba4 Re7 23. Qf3 Nh4 24. Qg4 Qxg4 25. hxg4 dxc3 26. Rxe7 Nxe7 27. bxc3 Rc8 28. Rd7 Rxc4 29. Rxe7 Rxa4 30. Re8+ Bf8 31. Bc5 Rxg4 32. Kf1 Nxg2 33. Bxf8 h5 34. f3 Ra4 35. Kxg2 Rxa2+ 36. Kg3 Kh7 37. Re7 Kg8 38. Re8 Ra4 39. Bc5+ Kh7 40. Re7 h4+ 41. Kh3 Rf4 42. Bd4 g5 43. Rxb7 Rxf3+ 44. Kg4 Rf1 45. Kh5 g4 46. Rb8 f6 47. Rb7+ Kg8 48. Kxg4 h3 49. Kxh3 Rh1+ 50. Kg4 Rh7 51. Rb6 f5+ 52. Kxf5 Rf7+ 53. Ke6 Rf8 54. Rxa6 Rf7 55. Ra8+ Rf8 56. Rxf8+ 1-0